000 00679nam a2200265 i 4500
001 C2-0200090
003 PPAK
005 20180728100420.0
008 990131s1994 enka|||| ||||| | eng d
020 _a0582234271
040 _aPPAK
_beng
_cPPAK
_erda
082 0 4 _a510
_2 23
090 0 0 _a510
_bBIR
_dG
100 1 _aBird, J. O.,
_eauthor
245 1 0 _aTechnician mathematics
250 _a3rd. ed.
264 1 _aEngland :
_bLongman ,
_c1994
300 _aix, 449 pages :
_billustrations ;
_c23 cm
336 _2rdacontent
_atext
337 _2rdamedia
_aunmediated
338 _2rdacarrier
_avolume
650 1 0 _aMathematics
700 _eauthor
942 _ddc
_cB
999 _c156802
_d156802